Kayla the pottery fairy / (Record no. 1858)

MARC details
000 -LEADER
fixed length control field 02123cam a2200505 i 4500
005 - DATE AND TIME OF LATEST TRANSACTION
control field 20231005103047.0
020 ## - INTERNATIONAL STANDARD BOOK NUMBER
International Standard Book Number 9780545708296 (pbk.)
020 ## - INTERNATIONAL STANDARD BOOK NUMBER
International Standard Book Number 054570829X (pbk.)
020 ## - INTERNATIONAL STANDARD BOOK NUMBER
International Standard Book Number 9781480672529 (Paw Prints)
020 ## - INTERNATIONAL STANDARD BOOK NUMBER
International Standard Book Number 1480672521 (Paw Prints)
040 ## - CATALOGING SOURCE
Original cataloging agency BTCTA
Language of cataloging eng
Transcribing agency BTCTA
Description conventions rda
Modifying agency GK5
-- HBP
-- CGP
-- JQJ
-- JTH
-- IUK
-- UPZ
-- OCLCF
-- DAD
-- EHH
-- OCL
-- OCLCO
-- YDXCP
-- BDX
-- DLC
-- FISKH
050 00 - LIBRARY OF CONGRESS CALL NUMBER
Classification number PZ7.M507
Item number Kay 2015
082 04 - DEWEY DECIMAL CLASSIFICATION NUMBER
Classification number [Fic]
Edition number 23
100 1# - MAIN ENTRY--PERSONAL NAME
Personal name Meadows, Daisy,
Relator term author.
245 10 - TITLE STATEMENT
Title Kayla the pottery fairy /
Statement of responsibility, etc. by Daisy Meadows.
260 ## - PUBLICATION, DISTRIBUTION, ETC.
Place of publication, distribution, etc. London :
Name of publisher, distributor, etc. Orchard,
Date of publication, distribution, etc. 2014
300 ## - PHYSICAL DESCRIPTION
Extent 65 pages :
Other physical details illustrations, map ;
Dimensions 20 cm.
490 1# - SERIES STATEMENT
Series statement Rainbow magic. The magical crafts fairies ;
Volume/sequential designation 1
500 ## - GENERAL NOTE
General note Contains a special sneak peek of the next Rainbow magic adventures.
505 ## - FORMATTED CONTENTS NOTE
Formatted contents note M
520 ## - SUMMARY, ETC.
Summary, etc. "Now that Kayla the Pottery Fairy's vase is missing, ceramic projects are in trouble! Can Rachel and Kirsty put a stop to Jack Frost's antics before he ruins everything?"--Page [4] of cover.
521 2# - TARGET AUDIENCE NOTE
Target audience note 800 <br/>
Source Lexile
521 2# - TARGET AUDIENCE NOTE
Target audience note M <br/>
Source Raz-Plus
521 2# - TARGET AUDIENCE NOTE
Target audience note Appeals to 2nd-3rd graders.
521 0# - TARGET AUDIENCE NOTE
Target audience note Reading level grade 4.
650 #0 - SUBJECT ADDED ENTRY--TOPICAL TERM
Topical term or geographic name entry element Tate, Kirsty (Fictitious character)
Form subdivision Juvenile fiction.
650 #0 - SUBJECT ADDED ENTRY--TOPICAL TERM
Topical term or geographic name entry element Walker, Rachel (Fictitious character)
Form subdivision Juvenile fiction.
650 #0 - SUBJECT ADDED ENTRY--TOPICAL TERM
Topical term or geographic name entry element Fairies
Form subdivision Juvenile fiction.
650 #0 - SUBJECT ADDED ENTRY--TOPICAL TERM
Topical term or geographic name entry element Magic
Form subdivision Juvenile fiction.
650 #0 - SUBJECT ADDED ENTRY--TOPICAL TERM
Topical term or geographic name entry element Pottery
Form subdivision Juvenile fiction.
650 #1 - SUBJECT ADDED ENTRY--TOPICAL TERM
Topical term or geographic name entry element Tate, Kirsty (Fictitious character)
Form subdivision Fiction.
650 #1 - SUBJECT ADDED ENTRY--TOPICAL TERM
Topical term or geographic name entry element Walker, Rachel (Fictitious character)
Form subdivision Fiction.
650 #1 - SUBJECT ADDED ENTRY--TOPICAL TERM
Topical term or geographic name entry element Fairies
Form subdivision Fiction.
650 #1 - SUBJECT ADDED ENTRY--TOPICAL TERM
Topical term or geographic name entry element Twins
Form subdivision Fiction.
650 #7 - SUBJECT ADDED ENTRY--TOPICAL TERM
Topical term or geographic name entry element Fairies.
Source of heading or term fast
Authority record control number or standard number (OCoLC)fst00919878
650 #7 - SUBJECT ADDED ENTRY--TOPICAL TERM
Topical term or geographic name entry element Magic.
Source of heading or term fast
Authority record control number or standard number (OCoLC)fst01005468
650 #7 - SUBJECT ADDED ENTRY--TOPICAL TERM
Topical term or geographic name entry element Pottery.
Source of heading or term fast
Authority record control number or standard number (OCoLC)fst01073579
650 #7 - SUBJECT ADDED ENTRY--TOPICAL TERM
Topical term or geographic name entry element Tate, Kirsty (Fictitious character)
Source of heading or term fast
Authority record control number or standard number (OCoLC)fst01748294
650 #7 - SUBJECT ADDED ENTRY--TOPICAL TERM
Topical term or geographic name entry element Walker, Rachel (Fictitious character)
Source of heading or term fast
Authority record control number or standard number (OCoLC)fst01748295
655 #7 - INDEX TERM--GENRE/FORM
Genre/form data or focus term Fiction.
Source of term fast
Authority record control number or standard number (OCoLC)fst01423787
655 #7 - INDEX TERM--GENRE/FORM
Genre/form data or focus term Juvenile works.
Source of term fast
Authority record control number or standard number (OCoLC)fst01411637
906 ## - LOCAL DATA ELEMENT F, LDF (RLIN)
a 7
b cbc
c copycat
d 2
e ncip
f 20
g y-gencatlg
942 ## - ADDED ENTRY ELEMENTS (KOHA)
Source of classification or shelving scheme Dewey Decimal Classification
Koha item type Books
Suppress in OPAC No
999 ## -
-- 1858
-- 1858
Holdings
Withdrawn status Lost status Source of classification or shelving scheme Damaged status Not for loan Collection Home library Current library Shelving location Date acquired Total Checkouts Full call number Barcode Date last seen Price effective from Koha item type
    Dewey Decimal Classification     Fiction Footprints International School Library Network Toul Kork Campus Footprints International School Library Network Toul Kork Campus A TK Campus, 4th Floor, Room B401, Fiction Bookcases (1-6) 10/05/2023   MEA 823.92 PZ7.M507 FISTK00272 10/05/2023 10/05/2023 Books